Entre el pasado y el futuro: ocho ejercicios sobre la reflexión política

Guardat en:
Dades bibliogràfiques
Autor principal: Arendt, Hannah (Autor)
Format: Llibre
Idioma:espanyol
Publicat: Barcelona Ediciones Península 1996
Edició:1a. ed
Col·lecció:Historia, Ciencia, Sociedad, 250
Matèries:
Etiquetes: Afegir etiqueta
Sense etiquetes, Sigues el primer a etiquetar aquest registre!

MARC

LEADER 00000cam a2200000 a 4500
001 UCD4581
003 CL-VaPUC
008 160713e19960000sp |||||||||||||||||spa|d
020 |a 8483070014 
082 0 4 |a 320.01  |b ARE  |2 21 
100 0 |a Arendt, Hannah  |e author  |9 376197 
245 1 0 |a Entre el pasado y el futuro: ocho ejercicios sobre la reflexión política 
250 |a 1a. ed 
300 |a 315 p 
942 |c BK 
945 |d 20160713 20:53:00  |a dcastane 
260 |a Barcelona  |b Ediciones Península  |c 1996 
650 7 |a FILOSOFIA POLITICA  |2 CL-VaPUC  |9 588304 
650 0 |a Filosofía de la educación   |9 258384 
650 0 |a Desarrollo social  |9 264534 
583 |a last modification  |c 20160713 20:53:00  |k Rodrigo Vera 
490 0 |a Historia, Ciencia, Sociedad, 250 
999 |c 365465  |d 365463 
952 |0 0  |1 0  |3 erb  |4 0  |6 320_010000000000000_ARE_1996  |7 0  |8 A  |9 479329  |a FDOHBE  |b FDOHBE  |e Huesbe Llanos, Marco Antonio, 1934-  |i 5331323  |o 320.01 ARE 1996  |p 5331323  |r 2024-01-30  |w 2019-11-24  |y BK  |z Catalogado en:20160713  |k HBE